000 00434nam a2200157Ia 4500
008 240729s9999 xx 000 0 und d
022 _a2772-3623
245 0 _aJournal of Primary Care Specialties
260 _aIndia
260 _bWolters Kluwer Medknow Publications
650 _a Medicine (General)
650 _aMedicine
856 _uhttps://doaj.org/toc/c07924b95d2140f29ebe812e63319f13
942 _2ddc
942 _cDOAJEJ
999 _c73120
_d73120
945 _a1
_bMadushi Gamage
_c1
_dMadushi Gamage